| 000 | 00369nam a22001451a 4500 | ||
|---|---|---|---|
| 082 |
_a780.1 _bPRA/M |
||
| 100 | _aPrajnanananda Swami | ||
| 245 |
_aMusic : _bits form function and value/ _cby Prajnanananda Swami |
||
| 260 |
_aNew Delhi: _bMunshiram Manoharlal, _c1979. |
||
| 300 | _a181p. | ||
| 650 | _aMusic Theory | ||
| 650 | _aMusic | ||
| 650 | _aArts | ||
| 942 | _cBK | ||
| 999 |
_c29825 _d29825 |
||